| 000 | 00545nam a2200181 a 4500 | ||
|---|---|---|---|
| 001 | 000014006 | ||
| 005 | 20200929163433.0 | ||
| 008 | 091202s2009 dr 001 0 spa d | ||
| 020 | _a9789945002225 | ||
| 040 |
_aDO-SdBNP _bspa _cBNPHU |
||
| 082 |
_a791.6 _bC957m |
||
| 100 | 1 |
_aCruz, Ramón Dario _931690 |
|
| 245 | 1 | 0 |
_aMiss República Dominicana : _bsu historia / _cRamón Dario Cruz. |
| 260 |
_aSanto Domingo : _bSerigraf, _c2009. |
||
| 300 |
_a91 p. : _bil ; retrs. ; _c24 cm. |
||
| 650 | 7 |
_aConcurso de belleza _2SEARS _931691 |
|
| 049 | _aBNPD | ||
| 999 |
_c13610 _d13610 |
||